Statistics for Anatomy Regional terms

Click here to take the quiz!

General Stats

  • This quiz has been taken 53 times
  • The average score is 18 of 43

Answer Stats

RegionsAnswer% Correct
Oralmouth
85%
NasalNose
85%
Oculareye
83%
BrachialArm
74%
CephalicHead
74%
PedalFoot
72%
CervicalNeck
72%
ThoracicChest
70%
ManualHand
70%
Abdominalabdomen
68%
oticear
64%
PalmarPalm
64%
PelvicPelvis
64%
CranialSkull
64%
DigitalFingers
62%
CoxalHip
57%
BuccalCheek
55%
LumbarLower back
55%
FemoralThigh
55%
CarpalWrist
53%
FrontalForehead
51%
InguinalGroin
45%
SternalSternum
45%
TarsalAnkle
43%
GlutealButtocks
40%
AxillaryArmpit
36%
AntebrachialForearm
36%
Pubicpubis
32%
MentalChin
30%
PollexThumb
26%
SacralSacrum
23%
PlantarSole of foot
17%
VertebralSpinal Column
15%
HalluxGreat toe
11%
OccipitalBack of the head
6%
AntecubitalAnterior surface of elbow
2%
PatellarAnterior surface of knee
2%
MetacarpalBones of hand
2%
AcromialPoint of the shoulder
2%
CruralAnterior surface of leg
0%
MetatarsalBones of foot
0%
PoplitealPosterior surface of knee
0%
SuralPosterior surface of leg
0%

Score Distribution

Percentile by Number Answered

Percent of People with Each Score

Your Score History

You have not taken this quiz